<?xml version="1.0" encoding="UTF-8"?>
<record
    xmlns:xsi="http://www.w3.org/2001/XMLSchema-instance"
    xsi:schemaLocation="http://www.loc.gov/MARC21/slim http://www.loc.gov/standards/marcxml/schema/MARC21slim.xsd"
    xmlns="http://www.loc.gov/MARC21/slim">

  <leader>02228nam a2200301uu 4500</leader>
  <controlfield tag="001">1257393</controlfield>
  <controlfield tag="005">20260508071734.0</controlfield>
  <controlfield tag="008">110923s2010                        spa  </controlfield>
  <datafield tag="020" ind1=" " ind2=" ">
    <subfield code="a">9789586486163</subfield>
  </datafield>
  <datafield tag="035" ind1=" " ind2=" ">
    <subfield code="a">1257393</subfield>
  </datafield>
  <datafield tag="035" ind1=" " ind2=" ">
    <subfield code="a">(OCoLC)777074837</subfield>
  </datafield>
  <datafield tag="040" ind1=" " ind2=" ">
    <subfield code="c">comduadb</subfield>
  </datafield>
  <datafield tag="041" ind1=" " ind2=" ">
    <subfield code="a">spa</subfield>
  </datafield>
  <datafield tag="050" ind1=" " ind2="4">
    <subfield code="a">HF</subfield>
  </datafield>
  <datafield tag="100" ind1="1" ind2="0">
    <subfield code="a">Rinc&#xF3;n Soto, Carlos Augusto</subfield>
    <subfield code="4">aut</subfield>
    <subfield code="e">aut</subfield>
    <subfield code="9">561858</subfield>
  </datafield>
  <datafield tag="245" ind1="1" ind2="0">
    <subfield code="a">Costos : decisiones empresariales</subfield>
  </datafield>
  <datafield tag="260" ind1=" " ind2=" ">
    <subfield code="a">Bogot&#xE1; :</subfield>
    <subfield code="b">Ecoe Ediciones,</subfield>
    <subfield code="c">2010.</subfield>
  </datafield>
  <datafield tag="300" ind1=" " ind2=" ">
    <subfield code="a">xi, 278 p.</subfield>
  </datafield>
  <datafield tag="505" ind1=" " ind2=" ">
    <subfield code="a">CONTENIDO: Introducci&#xF3;n a los costos. -- Inventarios. -- Mano de obra. -- Servicios directos. -- Costos indirectos de fabricaci&#xF3;n. -- An&#xE1;lisis de costos-volumen-utilidad. -- Presupuestos. -- Gesti&#xF3;n de las 5D. -- Modelos de gesti&#xF3;n administrativa. -- Bibliograf&#xED;a.</subfield>
  </datafield>
  <datafield tag="520" ind1="3" ind2=" ">
    <subfield code="a">RESE&#xD1;A : Este libro tiene como sentido visualizar al administrador como un elemento vital dentro de las decisiones de control, evaluaci&#xF3;n y desarrollo del sistema de informaci&#xF3;n empresarial. Por ello ofrece informaci&#xF3;n t&#xE9;cnica sobre los modelos de medici&#xF3;n y contabilizaci&#xF3;n, con un alto contenido financiero y administrativo de la importancia del uso de los datos, para la toma de decisiones. El texto desarrolla t&#xE9;cnicas contables y operacionales para empresas de sectores de servicios, industrial y comercial, con explicaciones sencillas de sus particularidades. Contiene ejemplos completos en c&#xE1;lculo, documentos y contabilizaci&#xF3;n para que el lector tenga una mayor comprensi&#xF3;n de todo el proceso. Podr&#xE1; obtener una herramienta que le ense&#xF1;ar&#xE1; y dar&#xE1; pautas para calcular, evaluar y visualizar los costos de cualquier empresa. El libro incluye un complemento virtual en el SIL (Sistema de Informaci&#xF3;n en L&#xED;nea) en www.ecoeediciones.com que contiene: diapositivas de ayuda a docentes, talleres resueltos, talleres y ex&#xE1;menes, modelos de costos en Excel y art&#xED;culos sobre costos.</subfield>
  </datafield>
  <datafield tag="650" ind1=" " ind2="7">
    <subfield code="a">Contabilidad de costos</subfield>
    <subfield code="2">lemb</subfield>
    <subfield code="9">63667</subfield>
  </datafield>
  <datafield tag="650" ind1=" " ind2="7">
    <subfield code="a">An&#xE1;lisis de costos</subfield>
    <subfield code="2">lemb</subfield>
    <subfield code="9">977</subfield>
  </datafield>
  <datafield tag="650" ind1=" " ind2=" ">
    <subfield code="a">Control de costos</subfield>
    <subfield code="9">30935</subfield>
  </datafield>
  <datafield tag="650" ind1=" " ind2=" ">
    <subfield code="a">Contabilidad administrativa</subfield>
    <subfield code="9">2718</subfield>
  </datafield>
  <datafield tag="650" ind1=" " ind2="7">
    <subfield code="a">Toma de decisiones</subfield>
    <subfield code="2">lemb</subfield>
    <subfield code="9">175188</subfield>
  </datafield>
  <datafield tag="700" ind1="1" ind2="0">
    <subfield code="a">Villarreal V&#xE1;squez, Fernando</subfield>
    <subfield code="4">aut</subfield>
    <subfield code="e">aut</subfield>
    <subfield code="9">627643</subfield>
  </datafield>
  <datafield tag="942" ind1=" " ind2=" ">
    <subfield code="c">BOOK</subfield>
  </datafield>
  <datafield tag="999" ind1=" " ind2=" ">
    <subfield code="c">596378</subfield>
    <subfield code="d">596378</subfield>
  </datafield>
  <datafield tag="952" ind1=" " ind2=" ">
    <subfield code="0">0</subfield>
    <subfield code="1">0</subfield>
    <subfield code="4">0</subfield>
    <subfield code="7">0</subfield>
    <subfield code="8">GENERAL</subfield>
    <subfield code="a">BSP</subfield>
    <subfield code="b">BSP</subfield>
    <subfield code="d">2011-09-23</subfield>
    <subfield code="e">CIS (Corporacion Interuniversitaria de Servicios)</subfield>
    <subfield code="g">38000.00</subfield>
    <subfield code="i">C1126852</subfield>
    <subfield code="l">0</subfield>
    <subfield code="o">HF5605 R5-10</subfield>
    <subfield code="p">801816</subfield>
    <subfield code="r">2023-05-01 00:00:00</subfield>
    <subfield code="t">1</subfield>
    <subfield code="w">2023-05-01</subfield>
    <subfield code="y">BOOK</subfield>
  </datafield>
</record>
